000 00455cam a2200181ua 4500
001 3117
008 110929n ii |||gr||||Z||||||asm
040 _cMAIN
082 _a891.4513
100 1 _aBaruah, Kanchan,
_eAuthor.
245 1 1 _aAshimat jar heral seema
_cby Kanchan Baruah
250 _a8th.
260 _aGuahati:
_bJyoti Prakashan,996.
300 _a328p:
_c23cm.
653 _aAssamese novel
653 _aAshimat jar heral seema
942 _cBK
999 _c2963
_d2963